000
00227nam a2200085Ia 4500
245
0
_a
Kindness
100
_a
PRYOR, Kimberley Jane Tarrytown, N.Y., 2009
_9
79295
942
_c
BK
008
210817s9999 xx 000 0 und d
999
_c
276144
_d
276143